Fortalezas musulmanas de la línea del Tajo / (Record no. 84550)
[ view plain ]
| 000 -LEADER | |
|---|---|
| campo de control de longitud fija | 00812nam a2200205 i 4500 |
| 001 - NÚMERO DE CONTROL | |
| campo de control | 84550 |
| 003 - IDENTIFICADOR DE NÚMERO DE CONTROL | |
| campo de control | ES-MaACL |
| 005 - FECHA Y HORA DE LA ÚLTIMA TRANSACCIÓN | |
| campo de control | 20250531063029.0 |
| 007 - CAMPO FIJO DE DESCRIPCIÓN FÍSICA--INFORMACIÓN GENERAL | |
| campo de control de longitud fija | t| |
| 008 - DATOS DE LONGITUD FIJA--INFORMACIÓN GENERAL | |
| campo de control de longitud fija | 041123s1954 zzz ||||1| spa d |
| 100 1# - ENTRADA PRINCIPAL--NOMBRE DE PERSONA | |
| Nombre de persona | Jiménez de Gregorio, Fernando, |
| Fechas asociadas al nombre | 1911-2012 |
| 9 (RLIN) | 66505 |
| 245 10 - MENCIÓN DEL TÍTULO | |
| Título | Fortalezas musulmanas de la línea del Tajo / |
| Mención de responsabilidad, etc. | Fernando Giménez de Gregorio. |
| 260 ## - PUBLICACIÓN, DISTRIBUCIÓN, ETC. | |
| Lugar de publicación, distribución, etc. | [S.l. : |
| Nombre del editor, distribuidor, etc. | s.n., |
| Fecha de publicación, distribución, etc. | 1954] |
| 300 ## - DESCRIPCIÓN FÍSICA | |
| Extensión | 6 h., 3 lám. ; |
| Dimensiones | 22 cm. |
| 500 ## - NOTA GENERAL | |
| Nota general | Precede al tít.: Consejo Superior de Investigaciones Científicas. Instituto Miguel Asin. |
| 500 ## - NOTA GENERAL | |
| Nota general | Es separata de: Al-Andalus. Revista de la Escuela de Estudios Arabes de Madrid y Granada. Vol. XIX-1954-Fasc. Pag. 409-20. |
| 710 2# - ENTRADA AGREGADA--NOMBRE DE ENTIDAD CORPORATIVA | |
| Nombre de entidad corporativa o nombre de jurisdicción como elemento de entrada | Instituto "Miguel Asín" |
| 9 (RLIN) | 5132 |
| 852 ## - LOCALIZACIÓN | |
| Ubicación | ES-MaACL |
| Número de control de estantería | 1982-F-14 |
| Sublocalización o colección | R.37200 |
| Estatus retirado | Estado de pérdida | Estado de daño | No para préstamo | Colección | Biblioteca de origen | Biblioteca actual | Ubicación en estantería | Fecha de adquisición | Fuente de adquisición | Total de préstamos | Signatura topográfica completa | Código de barras | Visto por última vez | Precio de reemplazo | Tipo de ítem Koha |
|---|---|---|---|---|---|---|---|---|---|---|---|---|---|---|---|
| Colección de folletos | Biblioteca del Ateneo de Madrid | Biblioteca del Ateneo de Madrid | Depósito folletos | 17/01/2008 | 1982-F-14 | 1088358 | 23/02/2023 | 23/02/2023 | Folleto |
